书目信息 |
| 题名: |
梦断衡阳城
|
|
| 作者: | 吕晓勇 , 江圣 著 | |
| 分册: | ||
| 出版信息: | 北京 长城出版社 2015 |
|
| 页数: | 233页 | |
| 开本: | 24cm | |
| 丛书名: | 中国抗日战争战场全景画卷丛书 | |
| 单 册: | ||
| 中图分类: | E296.93 | |
| 科图分类: | ||
| 主题词: | ||
| 电子资源: | ||
| ISBN: | 978-7-5483-0251-3 | |
| 000 | 01157oam2 2200289 45 | |
| 001 | 012001003807 | |
| 005 | 20140926114741.0 | |
| 010 | @a978-7-5483-0251-3@dCNY48.00 | |
| 100 | @a20151101d2015 em y0chiy50 ea | |
| 101 | 0 | @achi |
| 102 | @aCN@b110000 | |
| 105 | @aa z 000yy | |
| 106 | @ar | |
| 200 | 1 | @a梦断衡阳城@9meng duan heng yang cheng@e衡阳保卫战影像全纪录@f吕晓勇,江圣著 |
| 210 | @a北京@c长城出版社@d2015 | |
| 215 | @a233页@c照片@d24cm | |
| 225 | 1 | @a中国抗日战争战场全景画卷丛书@h第四辑@v31 |
| 300 | @a其他题名:衡阳保卫战影像全纪录 | |
| 330 | @a本书全方位、多视角、全景式地讲述了1944年衡阳保卫战的全过程。此役,中国陆军第10军抗日官兵孤军守城,击退日军三次大规模的进攻,坚守衡阳47天,震撼千古。书中辅以大量珍贵的历史资料图片,让读者更加直观地了解这段历史。 | |
| 461 | 0 | @12001 @a中国抗日战争战场全景画卷丛书 |
| 517 | 1 | @a衡阳保卫战影像全纪录@9heng yang bao wei zhan ying xiang quan ji lu |
| 601 | 02 | @a国民党军@x抗日战争时期战役战斗@y湖南@y衡阳县@j史料 |
| 690 | @aE296.93@v5 | |
| 701 | 0 | @a吕晓勇@9lv xiao yong@4著 |
| 701 | 0 | @a江圣@9jiang sheng@4著 |
| 801 | 0 | @aCN@b上海新华@c20180901 |
| 905 | @b1165191-5@dE296.93@e101@f5 | |
| 梦断衡阳城:衡阳保卫战影像全纪录/吕晓勇,江圣著.-北京:长城出版社,2015 |
| 233页:照片;24cm.-(中国抗日战争战场全景画卷丛书.第四辑;31) |
| 其他题名:衡阳保卫战影像全纪录 |
| ISBN 978-7-5483-0251-3:CNY48.00 |
| 本书全方位、多视角、全景式地讲述了1944年衡阳保卫战的全过程。此役,中国陆军第10军抗日官兵孤军守城,击退日军三次大规模的进攻,坚守衡阳47天,震撼千古。书中辅以大量珍贵的历史资料图片,让读者更加直观地了解这段历史。 |
| ● |
| 相关链接 |
|
|
|
|
正题名:梦断衡阳城
索取号:E296.93/101
 
预约/预借
| 序号 | 登录号 | 条形码 | 馆藏地/架位号 | 状态 | 备注 |
| 1 | 1165191 | 211651915 | 第一样本阅览室/ [索取号:E296.93/101] | 在馆 | |
| 2 | 1165192 | 211651924 | 密集书库-资源管理系/ [索取号:E296.93/101] | 在馆 | |
| 3 | 1165193 | 211651933 | 第一借阅区/ [索取号:E296.93/101] | 在馆 | |
| 4 | 1165194 | 211651942 | 第一借阅区/ [索取号:E296.93/101] | 在馆 | |
| 5 | 1165195 | 211651951 | 第一借阅区/ [索取号:E296.93/101] | 在馆 |